Statistics for 1970s Movie Trivia

Click here to take the quiz!

General Stats

  • This quiz has been taken 17,471 times
  • The average score is 13 of 20

Answer Stats

QuestionAnswer% Correct
What orange-colored creatures worked in Willy Wonka's chocolate factory?Oompa Loompas
87%
What musical group recorded six of the songs on the "Saturday Night Fever" soundtrack?The Bee Gees
82%
In what country did the movie "Mad Max" take place?Australia
80%
What island was the ancestral home of the Corleone family?Sicily
80%
What movie featured the song "Beauty School Dropout"?Grease
77%
Who was the voice of Darth Vader?James Earl Jones
74%
Who died of mysterious causes in Hong Kong in 1973?Bruce Lee
65%
What 13-year old actress received a Best Supporting Actress nomination for
her role in the movie "Taxi Driver"?
Jodie Foster
64%
What Monty Python movie was about a man who is mistaken for Jesus?Life of Brian
64%
What heavyweight champion did Rocky fight against?Apollo Creed
61%
What American general was portrayed by George C. Scott?George S. Patton
61%
Who directed "Annie Hall"?Woody Allen
61%
What movie was a Vietnam War version of the book "Heart of Darkness"?Apocalypse Now
58%
Who was the villain in the movie "Halloween"?Michael Myers
53%
In what city did "Dirty Harry" take place?San Francisco
51%
What cult movie has inspired audiences to throw rice, toast, and hot dogs at the screen?The Rocky Horror
Picture Show
51%
What James Bond movie took place in outer space?Moonraker
50%
What sexy actress was a perfect "10"?Bo Derek
46%
Who was Harold's much much older girlfriend?Maude
45%
Whose music does the main character of "A Clockwork Orange" love to listen to?Beethoven's
43%

Score Distribution

Percentile by Number Answered

Percent of People with Each Score

Your Score History

You have not taken this quiz